THE RUPA BOOK OF GREAT ANIMAL STORIES (Record no. 9765)

MARC details
000 -LEADER
fixed length control field 00227nam a22001097a 4500
020 ## - INTERNATIONAL STANDARD BOOK NUMBER
ISBN 9788129102256
082 ## - DEWEY DECIMAL CLASSIFICATION NUMBER
Classification number K800
100 ## - MAIN ENTRY--AUTHOR NAME
Personal name BOND, RUSKIN
245 ## - TITLE STATEMENT
Title THE RUPA BOOK OF GREAT ANIMAL STORIES
300 ## - PHYSICAL DESCRIPTION
Number of Pages 205P
942 ## - ADDED ENTRY ELEMENTS (KOHA)
Koha item type Books

No items available.

analytics